Zvyšovanie ekonomickej výkonnosti SR po vstupe do EMÚ - nové výzvy pre hospodársku politiku správa o výsledkoch riešenia projektu a záznam z oponentského konania projektu MVP : projekt mladých vedeckých pracovníkov č. 2315017 : [doba riešenia 2009 - 2010]
Guardado en:
| Autor principal: | |
|---|---|
| Otros Autores: | , , , , , , |
| Formato: | Libro |
| Lenguaje: | eslovaco |
| Publicado: |
Bratislava
2010
|
| Materias: | |
| Etiquetas: |
Sin Etiquetas, Sea el primero en etiquetar este registro!
|
MARC
| LEADER | 00000nam a2200000 4500 | ||
|---|---|---|---|
| 001 | 0172168 | ||
| 005 | 20240614124644.6 | ||
| 041 | 0 | |a slo | |
| 044 | |a SK | ||
| 245 | 1 | 0 | |a Zvyšovanie ekonomickej výkonnosti SR po vstupe do EMÚ - nové výzvy pre hospodársku politiku |b správa o výsledkoch riešenia projektu a záznam z oponentského konania projektu MVP : projekt mladých vedeckých pracovníkov č. 2315017 : [doba riešenia 2009 - 2010] |c zodpovedný riešiteľ Martin Lábaj |
| 264 | 1 | |a Bratislava |c 2010 | |
| 300 | |a [14 s.] | ||
| 610 | 2 | 0 | |a výkonnosť ekonomiky |
| 610 | 2 | 0 | |a integrácia ekonomická |
| 610 | 2 | 0 | |a politika hospodárska |
| 100 | 1 | |a Lábaj, Martin, 1982- | |
| 700 | 1 | |a Dičér, Marián | |
| 700 | 1 | |a Fülöp, Peter | |
| 700 | 1 | |a Kováčiková, Petra | |
| 700 | 1 | |a Rumpelová, Daniela, 1982- | |
| 700 | 1 | |a Silanič, Peter, 1984- | |
| 700 | 1 | |a Frank, Karol | |
| 700 | 1 | |a Fifeková, Elena | |